=LDR 00000nam 2200000 4500 =001 INLIS000000000038038 =005 20200421081111 =035 ##$$a 0010-061300000038038 =008 200421################g##########0#ind## =041 ##$$a ind =082 ##$$a 2x3.1 =100 ##$$a Qardhawi, Yusuf =245 1#$$a Menemukan jalan menuju taubat /$c dr. Yusuf Qardhawi =260 ##$$a { l.a) :$b Syaifa Pressindo,$c 2010 =300 ##$$a 235 hlm ; $c 20 x 14 cm. =850 ##$$a NBPNMAT =020 ##$$a 979-1113-85-8 =084 ##$$a 2x3.1 QAR m =650 #4$$a Taubat =990 ##$$a 21104541 =990 ##$$a 21104543 =990 ##$$a 0001/BPAP-NTB/20142015 =990 ##$$a 21104542